Sorption and diffusion of aromatic hydrocarbons through filled natural rubber (Record no. 50882)
[ view plain ]
| 000 -LEADER | |
|---|---|
| fixed length control field | 00445nam a2200169Ia 4500 |
| 100 ## - MAIN ENTRY--AUTHOR NAME | |
| Personal name | Unnikrishnan G. |
| 245 #0 - TITLE STATEMENT | |
| Title | Sorption and diffusion of aromatic hydrocarbons through filled natural rubber |
| 260 ## - PUBLICATION, DISTRIBUTION, ETC. (IMPRINT) | |
| Name of publisher | Polymer |
| Year of publication | 1996 |
| 300 ## - PHYSICAL DESCRIPTION | |
| Number of Pages | 2687-2693 |
| 650 ## - SUBJECT ADDED ENTRY--TOPICAL TERM | |
| Topical Term | Diffusion |
| 650 ## - SUBJECT ADDED ENTRY--TOPICAL TERM | |
| Topical Term | Natural rubber |
| 650 ## - SUBJECT ADDED ENTRY--TOPICAL TERM | |
| Topical Term | Sorption |
| 700 ## - ADDED ENTRY--PERSONAL NAME | |
| Personal name | Thomas S. |
| 700 ## - ADDED ENTRY--PERSONAL NAME | |
| Personal name | Varghese S. |
| 942 ## - ADDED ENTRY ELEMENTS (KOHA) | |
| Koha item type | Bibliography STAF |
| Withdrawn status | Lost status | Damaged status | Not for loan | Home library | Current library | Shelving location | Date acquired | Serial Enumeration / chronology | Koha item type |
|---|---|---|---|---|---|---|---|---|---|
| Bibliography | RRII Library | RRII Library | Rubber chemistry | 09/04/2014 | Volume 37, Issue 13 | Bibliography STAF |